{"text_format":"3","workbook":"xlsx","n_sheets":1,"sheets":["t567"],"read":"whole","date_system":"1900"}

{"sheet":"t567","index":0,"n_rows":189,"n_cols":7,"rows_kept":189,"merged":[[0,0,0,6],[28,0,28,5],[46,0,46,5],[160,0,160,5]]}
["TABELA 567.1 - Estatísticas Agrícolas, Município de Serra Azul, Estado de São Paulo, 2016/17."]
["ITEM","UNIDADE","N.DE UPAs","MÍNIMO","MÉDIO","MÁXIMO","TOTAL"]
["Distância à sede do município","km",293,{"v":0,"d":"0.0"},8.1,{"v":18,"d":"18.0"},"-"]
["Área total","hectare",293,0.8,{"v":85.89,"d":"85.9"},{"v":3044,"d":"3,044.0"},{"v":25166.72,"d":"25,166.7"}]
["Área com cultura perene","hectare",54,0.3,2.6,43.5,140.5]
["Área com cultura temporária","hectare",227,0.1,{"v":69.75,"d":"69.8"},{"v":2829.6,"d":"2,829.6"},{"v":15832.4,"d":"15,832.4"}]
["Área com pastagem","hectare",102,0.2,{"v":11.29,"d":"11.3"},125.6,{"v":1151.2,"d":"1,151.2"}]
["Área com reflorestamento","hectare",8,0.5,136.5,{"v":982,"d":"982.0"},{"v":1092,"d":"1,092.0"}]
["Área com vegetação natural","hectare",217,0.1,{"v":25.65,"d":"25.7"},{"v":1161,"d":"1,161.0"},{"v":5565.09,"d":"5,565.1"}]
["Área com vegetação de brejo e várzea","hectare",51,0.1,6.2,{"v":45,"d":"45.0"},{"v":316.38,"d":"316.4"}]
["Área em descanso","hectare",60,0.4,{"v":7.08,"d":"7.1"},140.4,{"v":424.73,"d":"424.7"}]
["Área complementar","hectare",164,0.1,{"v":3.93,"d":"3.9"},278.3,{"v":644.42,"d":"644.4"}]
["Área das UPAs com (0, 1] ha","hectare",1,0.8,0.8,0.8,0.8]
["Área das UPAs com (1, 2] ha","hectare",8,1.2,{"v":1.76,"d":"1.8"},{"v":2,"d":"2.0"},14.1]
["Área das UPAs com (2, 5] ha","hectare",36,2.4,{"v":3.61,"d":"3.6"},4.8,{"v":130,"d":"130.0"}]
["Área das UPAs com (5, 10] ha","hectare",83,5.4,{"v":8.95,"d":"9.0"},{"v":10,"d":"10.0"},{"v":742.94,"d":"742.9"}]
["Área das UPAs com (10, 20] ha","hectare",25,10.1,{"v":14.28,"d":"14.3"},19.4,356.9]
["Área das UPAs com (20, 50] ha","hectare",48,20.5,{"v":34.92,"d":"34.9"},49.8,{"v":1676,"d":"1,676.0"}]
["Área das UPAs com (50, 100] ha","hectare",41,50.1,{"v":74.28,"d":"74.3"},99.2,{"v":3045.48,"d":"3,045.5"}]
["Área das UPAs com (100, 200] ha","hectare",23,102.3,145.8,198.1,{"v":3353.4,"d":"3,353.4"}]
["Área das UPAs com (200, 500] ha","hectare",19,203.7,{"v":288.15,"d":"288.2"},{"v":433,"d":"433.0"},{"v":5474.9,"d":"5,474.9"}]
["Área das UPAs com (500, 1.000] ha","hectare",6,561.1,{"v":674.47,"d":"674.5"},894.8,{"v":4046.8,"d":"4,046.8"}]
["Área das UPAs com (1.000, 2.000] ha","hectare",2,{"v":1306.4,"d":"1,306.4"},{"v":1640.7,"d":"1,640.7"},{"v":1975,"d":"1,975.0"},{"v":3281.4,"d":"3,281.4"}]
["Área das UPAs com (2.000, 5.000] ha","hectare",1,{"v":3044,"d":"3,044.0"},{"v":3044,"d":"3,044.0"},{"v":3044,"d":"3,044.0"},{"v":3044,"d":"3,044.0"}]
["Área das UPAs com (5.000, 10.000] ha","hectare","-","-","-","-","-"]
["Área das UPAs acima de 10.000 ha","hectare","-","-","-","-","-"]
["Fonte: Secretaria de Agricultura e Abastecimento, CDRS/IEA, Projeto LUPA."]
[]
["TABELA 567.2 - Explorações Animais, Município de Serra Azul, Estado de São Paulo, 2016/17."]
["ITEM","UNIDADE","N.DE UPAs","MÍNIMO","MÉDIO","MÁXIMO","TOTAL"]
["Asininos e muares","cabecas",8,{"v":1,"d":"1.0"},{"v":3,"d":"3.0"},{"v":7,"d":"7.0"},{"v":24,"d":"24.0"}]
["Avestruzes e ema (criadouro)","cabecas",1,{"v":14,"d":"14.0"},{"v":14,"d":"14.0"},{"v":14,"d":"14.0"},{"v":14,"d":"14.0"}]
["Avicultura de corte","cabecas/ano",4,{"v":50,"d":"50.0"},{"v":384032.5,"d":"384,032.5"},{"v":948000,"d":"948,000.0"},{"v":1536130,"d":"1,536,130.0"}]
["Avicultura ornamental/decorativa/exotica","cabecas",1,{"v":4000,"d":"4,000.0"},{"v":4000,"d":"4,000.0"},{"v":4000,"d":"4,000.0"},{"v":4000,"d":"4,000.0"}]
["Avicultura para ovos","cabecas",2,{"v":35,"d":"35.0"},37.5,{"v":40,"d":"40.0"},{"v":75,"d":"75.0"}]
["Bovinocultura de corte","cabecas",19,{"v":9,"d":"9.0"},{"v":47.95,"d":"48.0"},{"v":150,"d":"150.0"},{"v":911,"d":"911.0"}]
["Bovinocultura leiteira","cabecas",8,{"v":4,"d":"4.0"},{"v":61.13,"d":"61.1"},{"v":200,"d":"200.0"},{"v":489,"d":"489.0"}]
["Bovinocultura mista","cabecas",27,{"v":1,"d":"1.0"},{"v":15.81,"d":"15.8"},{"v":100,"d":"100.0"},{"v":427,"d":"427.0"}]
["Bubalinocultura","cabecas",1,{"v":89,"d":"89.0"},{"v":89,"d":"89.0"},{"v":89,"d":"89.0"},{"v":89,"d":"89.0"}]
["Equinocultura","cabecas",37,{"v":1,"d":"1.0"},{"v":3.24,"d":"3.2"},{"v":20,"d":"20.0"},{"v":120,"d":"120.0"}]
["Javalis (criadouro)","cabecas",1,{"v":35,"d":"35.0"},{"v":35,"d":"35.0"},{"v":35,"d":"35.0"},{"v":35,"d":"35.0"}]
["Ovinocultura","cabecas",5,{"v":12,"d":"12.0"},68.4,{"v":230,"d":"230.0"},{"v":342,"d":"342.0"}]
["Piscicultura","m2 tanques",7,{"v":2,"d":"2.0"},{"v":18000.29,"d":"18,000.3"},{"v":48000,"d":"48,000.0"},{"v":126002,"d":"126,002.0"}]
["Suinocultura","cabecas",9,{"v":9,"d":"9.0"},{"v":23.67,"d":"23.7"},{"v":50,"d":"50.0"},{"v":213,"d":"213.0"}]
["Fonte: Secretaria de Agricultura e Abastecimento, CDRS/IEA, Projeto LUPA."]
[]
["TABELA 567.3 -  Máquinas, Implementos e Benfeitorias, Município de Serra Azul, Estado de São Paulo, 2016/17."]
["ITEM","UNIDADE","N.DE UPAs","MÍNIMO","MÉDIO","MÁXIMO","TOTAL"]
["Arado comum (bacia, aiveca)","unidade",18,{"v":1,"d":"1.0"},{"v":1.06,"d":"1.1"},{"v":2,"d":"2.0"},{"v":19,"d":"19.0"}]
["Arado escarificador","unidade",1,{"v":1,"d":"1.0"},{"v":1,"d":"1.0"},{"v":1,"d":"1.0"},{"v":1,"d":"1.0"}]
["Arado subsolador","unidade",5,{"v":1,"d":"1.0"},1.4,{"v":2,"d":"2.0"},{"v":7,"d":"7.0"}]
["Batedeira de cereais","unidade",1,{"v":1,"d":"1.0"},{"v":1,"d":"1.0"},{"v":1,"d":"1.0"},{"v":1,"d":"1.0"}]
["Camara fria","unidade",1,{"v":2,"d":"2.0"},{"v":2,"d":"2.0"},{"v":2,"d":"2.0"},{"v":2,"d":"2.0"}]
["Carregadeira de cana","unidade",4,{"v":1,"d":"1.0"},{"v":1.25,"d":"1.3"},{"v":2,"d":"2.0"},{"v":5,"d":"5.0"}]
["Carreta de trator","unidade",25,{"v":1,"d":"1.0"},{"v":1.88,"d":"1.9"},{"v":7,"d":"7.0"},{"v":47,"d":"47.0"}]
["Colhedeira acoplada","unidade",3,{"v":1,"d":"1.0"},{"v":1,"d":"1.0"},{"v":1,"d":"1.0"},{"v":3,"d":"3.0"}]
["Colhedeira automotriz","unidade",1,{"v":2,"d":"2.0"},{"v":2,"d":"2.0"},{"v":2,"d":"2.0"},{"v":2,"d":"2.0"}]
["Computador","unidade",9,{"v":1,"d":"1.0"},{"v":1.22,"d":"1.2"},{"v":2,"d":"2.0"},{"v":11,"d":"11.0"}]
["Conj.irrigacao convencional","unidade",2,{"v":1,"d":"1.0"},{"v":1,"d":"1.0"},{"v":1,"d":"1.0"},{"v":2,"d":"2.0"}]
["Conj.irrigacao pivot central","unidade",1,{"v":2,"d":"2.0"},{"v":2,"d":"2.0"},{"v":2,"d":"2.0"},{"v":2,"d":"2.0"}]
["Conjunto de fenacao","unidade",1,{"v":1,"d":"1.0"},{"v":1,"d":"1.0"},{"v":1,"d":"1.0"},{"v":1,"d":"1.0"}]
["Desintegrador de palha (plantio direto)","unidade",2,{"v":1,"d":"1.0"},{"v":1,"d":"1.0"},{"v":1,"d":"1.0"},{"v":2,"d":"2.0"}]
["Desintegrador, picador, triturador","unidade",47,{"v":1,"d":"1.0"},{"v":1.26,"d":"1.3"},{"v":4,"d":"4.0"},{"v":59,"d":"59.0"}]
["Distribuidor de calcario","unidade",9,{"v":1,"d":"1.0"},{"v":1.33,"d":"1.3"},{"v":3,"d":"3.0"},{"v":12,"d":"12.0"}]
["Ensiladeira","unidade",9,{"v":1,"d":"1.0"},{"v":1.11,"d":"1.1"},{"v":2,"d":"2.0"},{"v":10,"d":"10.0"}]
["Grade aradora (tipo romi)","unidade",13,{"v":1,"d":"1.0"},{"v":1.77,"d":"1.8"},{"v":5,"d":"5.0"},{"v":23,"d":"23.0"}]
["Grade niveladora","unidade",19,{"v":1,"d":"1.0"},{"v":1.32,"d":"1.3"},{"v":3,"d":"3.0"},{"v":25,"d":"25.0"}]
["Misturador de racao","unidade",2,{"v":1,"d":"1.0"},{"v":1,"d":"1.0"},{"v":1,"d":"1.0"},{"v":2,"d":"2.0"}]
["Mmicrotrator","unidade",3,{"v":1,"d":"1.0"},{"v":2.33,"d":"2.3"},{"v":5,"d":"5.0"},{"v":7,"d":"7.0"}]
["Ordenhadeira mecanica","unidade",2,{"v":1,"d":"1.0"},{"v":2,"d":"2.0"},{"v":3,"d":"3.0"},{"v":4,"d":"4.0"}]
["Pulverizador tratorizado","unidade",6,{"v":1,"d":"1.0"},{"v":2,"d":"2.0"},{"v":5,"d":"5.0"},{"v":12,"d":"12.0"}]
["Resfriador de leite, tanque expansao","unidade",1,{"v":1,"d":"1.0"},{"v":1,"d":"1.0"},{"v":1,"d":"1.0"},{"v":1,"d":"1.0"}]
["Roçadora","unidade",12,{"v":1,"d":"1.0"},{"v":1,"d":"1.0"},{"v":1,"d":"1.0"},{"v":12,"d":"12.0"}]
["Semeadeira/adubadeira para plantio convencional","unidade",3,{"v":1,"d":"1.0"},{"v":1,"d":"1.0"},{"v":1,"d":"1.0"},{"v":3,"d":"3.0"}]
["Semeadeira/plantadeira plantio direto","unidade",2,{"v":1,"d":"1.0"},{"v":1,"d":"1.0"},{"v":1,"d":"1.0"},{"v":2,"d":"2.0"}]
["Terraceador","unidade",2,{"v":1,"d":"1.0"},{"v":1,"d":"1.0"},{"v":1,"d":"1.0"},{"v":2,"d":"2.0"}]
["Trator de esteiras","unidade",2,{"v":1,"d":"1.0"},{"v":1,"d":"1.0"},{"v":1,"d":"1.0"},{"v":2,"d":"2.0"}]
["Trator de pneus  acima de 85 cv","unidade",12,{"v":1,"d":"1.0"},{"v":2.08,"d":"2.1"},{"v":6,"d":"6.0"},{"v":25,"d":"25.0"}]
["Trator de pneus até 65 cv","unidade",20,{"v":1,"d":"1.0"},{"v":1.15,"d":"1.2"},{"v":2,"d":"2.0"},{"v":23,"d":"23.0"}]
["Trator de pneus de 66 cv a 85 cv","unidade",19,{"v":1,"d":"1.0"},{"v":1.21,"d":"1.2"},{"v":2,"d":"2.0"},{"v":23,"d":"23.0"}]
["Acude/represa","unidade",23,{"v":1,"d":"1.0"},{"v":1.43,"d":"1.4"},{"v":5,"d":"5.0"},{"v":33,"d":"33.0"}]
["Adega cantina","unidade",1,{"v":1,"d":"1.0"},{"v":1,"d":"1.0"},{"v":1,"d":"1.0"},{"v":1,"d":"1.0"}]
["Alambique","unidade",1,{"v":1,"d":"1.0"},{"v":1,"d":"1.0"},{"v":1,"d":"1.0"},{"v":1,"d":"1.0"}]
["Almoxarifado/oficina","unidade",8,{"v":1,"d":"1.0"},{"v":1,"d":"1.0"},{"v":1,"d":"1.0"},{"v":8,"d":"8.0"}]
["Armazem para graos ensacados","sacas",1]
["Balanca para bovinos","unidade",2,{"v":1,"d":"1.0"},{"v":1,"d":"1.0"},{"v":1,"d":"1.0"},{"v":2,"d":"2.0"}]
["Balanca para veiculos","unidade",1,{"v":1,"d":"1.0"},{"v":1,"d":"1.0"},{"v":1,"d":"1.0"},{"v":1,"d":"1.0"}]
["Barracao para granja/avicultura","unidade",3,{"v":2,"d":"2.0"},{"v":9.33,"d":"9.3"},{"v":15,"d":"15.0"},{"v":28,"d":"28.0"}]
["Barracao/galpao/garagem","unidade",44,{"v":1,"d":"1.0"},{"v":1.11,"d":"1.1"},{"v":2,"d":"2.0"},{"v":49,"d":"49.0"}]
["Casa de moradia habitada","unidade",137,{"v":1,"d":"1.0"},{"v":1.46,"d":"1.5"},{"v":10,"d":"10.0"},{"v":200,"d":"200.0"}]
["Casa de moradia total","unidade",161,{"v":1,"d":"1.0"},{"v":1.87,"d":"1.9"},{"v":10,"d":"10.0"},{"v":301,"d":"301.0"}]
["Curral/mangueira","unidade",63,{"v":1,"d":"1.0"},{"v":1,"d":"1.0"},{"v":1,"d":"1.0"},{"v":63,"d":"63.0"}]
["Deposito/tulha","unidade",24,{"v":1,"d":"1.0"},{"v":1.04,"d":"1.0"},{"v":2,"d":"2.0"},{"v":25,"d":"25.0"}]
["Estabulo","unidade",23,{"v":1,"d":"1.0"},{"v":1.09,"d":"1.1"},{"v":3,"d":"3.0"},{"v":25,"d":"25.0"}]
["Estacao/posto meteorologico","unidade",1,{"v":1,"d":"1.0"},{"v":1,"d":"1.0"},{"v":1,"d":"1.0"},{"v":1,"d":"1.0"}]
["Estufa/plasticultura","m2",2]
["Fabrica de racao","unidade",1,{"v":1,"d":"1.0"},{"v":1,"d":"1.0"},{"v":1,"d":"1.0"},{"v":1,"d":"1.0"}]
["Instalacoes para equinos","unidade",4,{"v":1,"d":"1.0"},{"v":1,"d":"1.0"},{"v":1,"d":"1.0"},{"v":4,"d":"4.0"}]
["Maquina de beneficio","unidade",1,{"v":1,"d":"1.0"},{"v":1,"d":"1.0"},{"v":1,"d":"1.0"},{"v":1,"d":"1.0"}]
["Packing house","unidade",1,{"v":1,"d":"1.0"},{"v":1,"d":"1.0"},{"v":1,"d":"1.0"},{"v":1,"d":"1.0"}]
["Pocilga","unidade",12,{"v":1,"d":"1.0"},{"v":1,"d":"1.0"},{"v":1,"d":"1.0"},{"v":12,"d":"12.0"}]
["Poco semi-artesiano","unidade",33,{"v":1,"d":"1.0"},{"v":1,"d":"1.0"},{"v":1,"d":"1.0"},{"v":33,"d":"33.0"}]
["Secador de graos","unidade",1,{"v":1,"d":"1.0"},{"v":1,"d":"1.0"},{"v":1,"d":"1.0"},{"v":1,"d":"1.0"}]
["Silo para graos","ton",1]
["Silo para silagem","ton",2]
["Terreiro","m2",3]
["Fonte: Secretaria de Agricultura e Abastecimento, CDRS/IEA, Projeto LUPA."]
[]
["TABELA 567.4 - Outras Estatísticas Agrícolas, Município de Serra Azul, Estado de São Paulo, 2016/17."]
["ITEM","Número de UPAs",null,"Percentual"]
["Faz Parte de Associação de Produtores",70,null,{"v":23.890784982935152,"d":"23.9"}]
["Faz Parte de Cooperativa de Produtores",115,null,{"v":39.24914675767918,"d":"39.2"}]
["Faz Parte do Sindicato de Produtores",22,null,{"v":7.508532423208192,"d":"7.5"}]
["Não utiliza assistência técnica ",94,null,{"v":32.081911262798634,"d":"32.1"}]
["Utiliza somente assistência técnica governamental ",75,null,{"v":25.59726962457338,"d":"25.6"}]
["Utiliza somente assistência técnica privada ",109,null,{"v":37.20136518771331,"d":"37.2"}]
["Utiliza assistência técnica tanto governamental quanto privada",15,null,{"v":5.119453924914676,"d":"5.1"}]
["Utiliza Crédito Rural",86,null,{"v":29.351535836177472,"d":"29.4"}]
["Utiliza Seguro Rural",76,null,{"v":25.938566552901023,"d":"25.9"}]
["Utiliza Escrituração Agrícola",230,null,{"v":78.49829351535836,"d":"78.5"}]
["Acessa Internet p/ Fins na Agropecuária",147,null,{"v":50.170648464163826,"d":"50.2"}]
["Utiliza Computador nas Atividades Agropecuárias",67,null,{"v":22.866894197952217,"d":"22.9"}]
["Utiliza Energia Elétrica Para Uso na Atividade Agrícola",183,null,{"v":62.45733788395904,"d":"62.5"}]
["Utiliza Energia Alternativa","-",null,"-"]
["Realiza Análise de Solo, quando necessário",161,null,{"v":54.948805460750854,"d":"54.9"}]
["Realiza Calagem",165,null,{"v":56.31399317406143,"d":"56.3"}]
["Utiliza Práticas de Conservação de Solo, quando necessário",175,null,{"v":59.72696245733788,"d":"59.7"}]
["Faz Adubação Mineral, quando necessário",191,null,{"v":65.18771331058021,"d":"65.2"}]
["Faz Adubação Orgânica, quando necessário",62,null,{"v":21.160409556313994,"d":"21.2"}]
["Faz Adubação Verde, quando necessário",35,null,{"v":11.945392491467576,"d":"11.9"}]
["Utiliza Manejo Integrado de Pragas (MIP)",13,null,{"v":4.436860068259386,"d":"4.4"}]
["Utiliza Hidroponia",2,null,{"v":0.6825938566552902,"d":"0.7"}]
["Utiliza Cultivo em Estufa",4,null,{"v":1.3651877133105803,"d":"1.4"}]
["Utiliza Mudas Fiscalizadas",88,null,{"v":30.034129692832764,"d":"30.0"}]
["Utiliza Semente Melhorada",19,null,{"v":6.4846416382252565,"d":"6.5"}]
["Faz Confinamento de Bovinos",2,null,{"v":0.6825938566552902,"d":"0.7"}]
["Utiliza Pastejo Intensivo",15,null,{"v":5.119453924914676,"d":"5.1"}]
["Faz Inseminação Artificial",5,null,{"v":1.7064846416382253,"d":"1.7"}]
["Faz Mineralização do Rebanho",40,null,{"v":13.651877133105803,"d":"13.7"}]
["Faz Vermifugação do Rebanho",44,null,{"v":15.017064846416382,"d":"15.0"}]
["Possui Parceiros /Arrendatários na Exploração Animal",50,null,{"v":17.064846416382252,"d":"17.1"}]
["Existência de trabalhadores c/ deficiência na UPA",2,null,{"v":0.6825938566552902,"d":"0.7"}]
["Esporte e lazer",5,null,{"v":1.7064846416382253,"d":"1.7"}]
["Extração mineral",1,null,{"v":0.3412969283276451,"d":"0.3"}]
["Hotel Fazenda, Pousada ou SPA",1,null,{"v":0.3412969283276451,"d":"0.3"}]
["Pesque-pague",2,null,{"v":0.6825938566552902,"d":"0.7"}]
["Restaurante ou Lanchonete",2,null,{"v":0.6825938566552902,"d":"0.7"}]
["Transformação artesanal","-",null,"-"]
["Turismo rural ou ecoturismo",1,null,{"v":0.3412969283276451,"d":"0.3"}]
["Outras atividades econômicas rurais",4,null,{"v":1.3651877133105803,"d":"1.4"}]
["Agroindústria","-",null,"-"]
["Proprietário sem instrução ou com instrução incompleta",3,null,{"v":1.0238907849829353,"d":"1.0"}]
["Proprietário com antigo primário completo",43,null,{"v":14.675767918088736,"d":"14.7"}]
["Proprietário com 1° grau (ou antigo ginasial) completo",62,null,{"v":21.160409556313994,"d":"21.2"}]
["Proprietário com 2° grau (ou antigo colegial) completo",80,null,{"v":27.303754266211605,"d":"27.3"}]
["Proprietário com curso superior completo ",90,null,{"v":30.716723549488055,"d":"30.7"}]
["Pessoa Jurídica",15,null,{"v":5.119453924914676,"d":"5.1"}]
["Proprietário residente na própria UPA ",77,null,{"v":26.27986348122867,"d":"26.3"}]
["Fonte: Secretaria de Agricultura e Abastecimento, CDRS/IEA, Projeto LUPA."]
[]
["TABELA 567.5 - Área Cultivada, Município de Serra Azul, Estado de São Paulo, 2016/17."]
["CULTURA","N.DE UPAs","MÍNIMO","MÉDIO","MÁXIMO","TOTAL"]
["Cana-de-acucar finalidade industria",157,1.7,{"v":99.49,"d":"99.5"},{"v":2829.6,"d":"2,829.6"},{"v":15619.5,"d":"15,619.5"}]
["Eucalipto",8,0.5,136.5,{"v":982,"d":"982.0"},{"v":1092,"d":"1,092.0"}]
["Braquiaria",98,0.2,{"v":11,"d":"11.0"},125.6,{"v":1077.7,"d":"1,077.7"}]
["Banana",51,0.3,2.4,43.5,122.5]
["Mandioca",51,0.1,{"v":1.96,"d":"2.0"},17.3,100.1]
["Soja",3,11.8,{"v":27.83,"d":"27.8"},{"v":50,"d":"50.0"},83.5]
["Gramas",8,0.6,{"v":8.98,"d":"9.0"},{"v":48,"d":"48.0"},71.8]
["Milho safra",2,4.1,8.1,12.1,16.2]
["Seringueira",1,{"v":14,"d":"14.0"},{"v":14,"d":"14.0"},{"v":14,"d":"14.0"},{"v":14,"d":"14.0"}]
["Milho-silagem",1,12.5,12.5,12.5,12.5]
["Cana-de-acucar outras finalidades",4,0.2,{"v":2.95,"d":"3.0"},9.7,11.8]
["Abacaxi (ou ananas)",2,2.6,{"v":4.25,"d":"4.3"},5.9,8.5]
["Abobora (ou jerimum)",3,1.1,{"v":1.77,"d":"1.8"},2.2,5.3]
["Alface",8,0.1,{"v":0.26,"d":"0.3"},0.6,2.1]
["Pomar domestico",1,{"v":2,"d":"2.0"},{"v":2,"d":"2.0"},{"v":2,"d":"2.0"},{"v":2,"d":"2.0"}]
["Pupunha",1,{"v":2,"d":"2.0"},{"v":2,"d":"2.0"},{"v":2,"d":"2.0"},{"v":2,"d":"2.0"}]
["Capim-napier (ou capim-elefante)",3,0.2,{"v":0.57,"d":"0.6"},{"v":1,"d":"1.0"},1.7]
["Cebolinha",3,0.1,0.4,{"v":1,"d":"1.0"},1.2]
["Couve (ou couve-crespa)",2,0.2,0.6,{"v":1,"d":"1.0"},1.2]
["Berinjela",1,0.6,0.6,0.6,0.6]
["Jilo",1,0.6,0.6,0.6,0.6]
["Feijao-vagem (ou vagem, ou feijao-verde)",1,0.5,0.5,0.5,0.5]
["Brocolos (ou brocolis)",2,0.1,{"v":0.15,"d":"0.2"},0.2,0.3]
["Quiabo",2,0.1,{"v":0.15,"d":"0.2"},0.2,0.3]
["Pimentao",1,0.1,0.1,0.1,0.1]
["Repolho",1,0.1,0.1,0.1,0.1]
["Fonte: Secretaria de Agricultura e Abastecimento, CDRS/IEA, Projeto LUPA."]